000 01229nam a2200313 4500
003 EG-GICUC
005 20260121101217.0
008 251113s1991 ua ||||fr|||| 00| 0 ara d
017 _a19909498
040 _a EG-GICUC
_bara
_c EG-GICUC
_d EG-GICUC
_erda
041 0 _aara
082 0 4 _221
_a341.851
_bك م . ت
092 0 4 _221
099 _aLaw1 12 341.851 ك م . ت 1 ed - 1991
100 0 _aكمال إبراهيم
_eمؤلف.
245 1 2 _aالتحكيم التجارى الدولي :
_bحتمية التحكيم وحتمية قانون التجارة الدولي /
_cكمال إبراهيم.
250 _aالطبعة الاولى
264 1 _aالقاهرة :
_bدار الفكر العربي،
_c1991.
300 _a168 ؛ صفحة
_c24 سم
336 _2rda content
_atext
337 _2rda media
_aComputer
338 _2rda carrier
_aOnline Resource
504 _aيحتوي على ارجاعات ببليوجرافية
546 _aالنص أغلبه باللغة العربية مع بعض النصوص الإنجليزية
650 1 _aالتحكيم - قانون دولي
856 4 0 _uhttps://fll.law.cu.edu.eg/fulltext/bks/B12-00970.pdf
905 _a75
_eYara
942 _2ddc
_n0
_cBK
_e21
999 _c43014
_d43014